| 000 | 00669nam a2200205Ia 4500 | ||
|---|---|---|---|
| 001 | 2924 | ||
| 003 | GE_BSU | ||
| 008 | 181216s||||||||xx |||||||||||||| ||und|| | ||
| 040 | _cGE_BSU | ||
| 080 | _a621.644.004 | ||
| 100 | _aЛевин,С.И. | ||
| 245 | _aПредупреждение аварий и ремонт подводных трубопроводов. | ||
| 245 | _cВед. ред. Г.В.Растова. | ||
| 260 | _aМ. | ||
| 260 | _bГостоптехиздат. | ||
| 260 | _c1963. | ||
| 300 | _a184 стр. 21 см. | ||
| 653 | _aПредупреждение аварий и ремонт подводных трубопроводов. | ||
| 942 | _cBK | ||
| 999 |
_c36972 _d36972 |
||